[Event "Olympiad-38"]
[Site "Dresden"]
[Date "2008.11.17"]
[Round "5"]
[White "Jaquez, Juan Manuel"]
[Black "Liew, Chee Meng Jimmy"]
[Result "1-0"]
[WhiteElo "2223"]
[BlackElo "2306"]
[PlyCount "69"]
[EventDate "2008.11.13"]
[EventType "team-swiss"]
[EventRounds "11"]
[EventCountry "GER"]
[SourceTitle "CBM 128"]
[Source "ChessBase"]
[SourceDate "2009.01.28"]
[SourceVersion "1"]
[SourceVersionDate "2009.01.28"]
[SourceQuality "1"]
[WhiteTeam "Dominican Rep"]
[BlackTeam "Malaysia"]
[WhiteTeamCountry "DOM"]
[BlackTeamCountry "MAS"]

1. e4 e6 2. d4 d5 3. Nd2 Nf6 4. e5 Nfd7 5. Bd3 c5 6. c3 Nc6 7. Ne2 cxd4 8. cxd4 f6 9. exf6 Nxf6 10. 0-0 Bd6 11. Nf3 0-0 12. Bg5 Qc7 13. Bh4 h6 14. Rc1 g5 15. Bg3 Bxg3 16. Nxg3 Qg7 17. Re1 g4 18. Ne5 Nxd4 19. Bb1 Nb5 20. Re3 Bd7 21. Nf1 Be8 22. h3 h5 23. hxg4 hxg4 24. Nh2 Bh5 25. Rg3 Rfc8 26. Rxc8+ Rxc8 27. Nhxg4 Nxg4 28. Nxg4 Kf8 29. Qd2 Nd4 30. Qf4+ Ke7 31. Bd3 Nf5 32. Bxf5 exf5 33. Re3+ Kd8 34. Qd6+ Qd7 35. Qf6+ 1-0

[Event "Olympiad-38"]
[Site "Dresden"]
[Date "2008.11.14"]
[Round "2"]
[White "Hawes, Jonathan"]
[Black "Liew, Chee Meng Jimmy"]
[Result "1/2-1/2"]
[WhiteElo "2174"]
[BlackElo "2306"]
[PlyCount "66"]
[EventDate "2008.11.13"]
[EventType "team-swiss"]
[EventRounds "11"]
[EventCountry "GER"]
[SourceTitle "CBM 128"]
[Source "ChessBase"]
[SourceDate "2009.01.28"]
[SourceVersion "1"]
[SourceVersionDate "2009.01.28"]
[SourceQuality "1"]
[WhiteTeam "Jersey"]
[BlackTeam "Malaysia"]
[WhiteTeamCountry "JCI"]
[BlackTeamCountry "MAS"]

1. d4 Nf6 2. c4 c5 3. d5 e5 4. Nc3 d6 5. e4 Be7 6. Bd3 a6 7. a4 Nbd7 8. Nge2 h5 9. f3 h4 10. Be3 Nh7 11. Qd2 Bg5 12. 0-0 Bxe3+ 13. Qxe3 Qg5 14. Qxg5 Nxg5 15. Nc1 Nf8 16. a5 Bd7 17. Bc2 Ng6 18. Nd3 0-0 19. Ba4 Bxa4 20. Rxa4 f5 21. exf5 Rxf5 22. h3 Raf8 23. Nf2 Nf4 24. Nce4 Ne2+ 25. Kh2 Ng3 26. Nxg3 hxg3+ 27. Kxg3 e4 28. Ra3 exf3 29. gxf3 Nxf3 30. Ne4 Nd4 31. Rxf5 Nxf5+ 32. Kg4 Nh6+ 33. Kg3 Nf5+ 1/2-1/2

[Event "Kuala Lumpur op 4th"]
[Site "Kuala Lumpur"]
[Date "2007.08.25"]
[Round "10"]
[White "Sahari, Abang Mohd Reduan"]
[Black "Liew, Chee Meng Jimmy"]
[Result "0-1"]
[WhiteElo "2136"]
[BlackElo "2309"]
[PlyCount "118"]
[EventDate "2007.08.20"]
[EventType "swiss"]
[EventRounds "11"]
[EventCountry "MAS"]
[SourceTitle "CBM 120 Extra"]
[Source "ChessBase"]
[SourceDate "2007.11.01"]
[SourceVersion "1"]
[SourceVersionDate "2007.11.01"]
[SourceQuality "1"]

1. Nf3 d5 2. g3 c5 3. c4 Nf6 4. Bg2 Nc6 5. cxd5 Nxd5 6. Nc3 Nc7 7. 0-0 e5 8. d3 Be7 9. Be3 Bd7 10. a4 0-0 11. Nd2 f5 12. Nc4 f4 13. Bd2 Bf6 14. a5 Rb8 15. Ne4 Be7 16. Bc3 Nb5 17. Bxe5 Nxe5 18. Nxe5 Be6 19. Nc4 Qe8 20. e3 fxe3 21. fxe3 Qg6 22. Qc2 Rfd8 23. a6 b6 24. Ne5 Qh6 25. Nc6 Qxe3+ 26. Qf2 Qxf2+ 27. Rxf2 Re8 28. Nxb8 Rxb8 29. Nc3 Nxc3 30. Re1 Bf6 31. Rxe6 Nb5 32. Bd5 Kh8 33. Rfxf6 gxf6 34. Rxf6 Rd8 35. Bc6 Kg7 36. Rf1 Nc7 37. Be4 Rd4 38. Bxh7 Nxa6 39. Ra1 Kxh7 40. Rxa6 Rxd3 41. Rxa7+ Kg6 42. Ra3 Rd1+ 43. Kg2 Rd2+ 44. Kf3 Rxb2 45. Rd3 c4 46. Rd6+ Kf5 47. Ke3 Ke5 48. Rh6 Rb3+ 49. Kd2 b5 50. Rh4 Kd5 51. Kc2 Kc5 52. g4 Rf3 53. Rh8 Rf2+ 54. Kd1 Rg2 55. Rh5+ Kb4 56. h3 c3 57. Rf5 Kc4 58. Rf4+ Kb3 59. Rf3 Kb2 0-1

[Event "Kuala Lumpur op 4th"]
[Site "Kuala Lumpur"]
[Date "2007.08.24"]
[Round "7"]
[White "Ramnath, Bhuvanesh R"]
[Black "Liew, Chee Meng Jimmy"]
[Result "0-1"]
[WhiteElo "2080"]
[BlackElo "2309"]
[PlyCount "84"]
[EventDate "2007.08.20"]
[EventType "swiss"]
[EventRounds "11"]
[EventCountry "MAS"]
[SourceTitle "CBM 120 Extra"]
[Source "ChessBase"]
[SourceDate "2007.11.01"]
[SourceVersion "1"]
[SourceVersionDate "2007.11.01"]
[SourceQuality "1"]

1. e4 e6 2. d4 d5 3. Nc3 Bb4 4. e5 c5 5. a3 Bxc3+ 6. bxc3 Ne7 7. Qg4 Qc7 8. Bd3 Kf8 9. Bd2 Nbc6 10. Nf3 c4 11. Be2 Bd7 12. h4 h5 13. Qf4 Ng6 14. Qg3 Nce7 15. Bg5 Nf5 16. Qh3 Nh6 17. Nd2 Ng8 18. Qf3 Ba4 19. Rc1 Ke8 20. Nf1 N6e7 21. Ne3 Qa5 22. Kd2 Nc6 23. Qf4 Nge7 24. Bxe7 Kxe7 25. Rh3 Raf8 26. Rb1 b6 27. Rg3 g6 28. Rg5 Kd8 29. g4 hxg4 30. Bxg4 Rxh4 31. Rxg6 Nxd4 32. Rg7 Rxg4 33. Qf6+ Ke8 34. Rxg4 Nc6 35. Rg3 d4 36. Nxc4 dxc3+ 37. Ke1 Qd5 38. Rd1 Qxc4 39. Rdd3 Qe4+ 40. Kf1 Bb5 41. f3 Qxe5 42. Qh4 Qe3 0-1

[Event "Kuala Lumpur op 4th"]
[Site "Kuala Lumpur"]
[Date "2007.08.22"]
[Round "6"]
[White "Liew, Chee Meng Jimmy"]
[Black "Senador, Emmanuel"]
[Result "0-1"]
[WhiteElo "2309"]
[BlackElo "2380"]
[PlyCount "72"]
[EventDate "2007.08.20"]
[EventType "swiss"]
[EventRounds "11"]
[EventCountry "MAS"]
[SourceTitle "CBM 120 Extra"]
[Source "ChessBase"]
[SourceDate "2007.11.01"]
[SourceVersion "1"]
[SourceVersionDate "2007.11.01"]
[SourceQuality "1"]

1. Nf3 d5 2. g3 c5 3. Bg2 Nf6 4. 0-0 Nc6 5. d3 e5 6. Nbd2 Bd6 7. e4 0-0 8. a4 dxe4 9. dxe4 h6 10. c3 Be6 11. h3 Qd7 12. Kh2 g5 13. Qe2 Rad8 14. Nc4 Bc7 15. Be3 Qd3 16. Qxd3 Rxd3 17. Nfd2 Rfd8 18. Bf3 Na5 19. Nxa5 Rxe3 20. fxe3 Rxd2+ 21. Bg2 Nxe4 22. Nxb7 Bd5 23. Rad1 Rxg2+ 24. Kxg2 Bxb7 25. a5 Nxc3+ 26. Kh2 Nxd1 27. Rxd1 Bxa5 28. Rd7 Be4 29. Rxa7 Bd2 30. Ra3 f5 31. Kg1 Be1 32. Kh2 Kf7 33. Ra7+ Ke6 34. g4 f4 35. Ra6+ Kd5 36. exf4 gxf4 0-1

[Event "Kuala Lumpur op 4th"]
[Site "Kuala Lumpur"]
[Date "2007.08.21"]
[Round "4"]
[White "Liew, Chee Meng Jimmy"]
[Black "Nguyen, Anh Dung"]
[Result "0-1"]
[WhiteElo "2309"]
[BlackElo "2537"]
[PlyCount "66"]
[EventDate "2007.08.20"]
[EventType "swiss"]
[EventRounds "11"]
[EventCountry "MAS"]
[SourceTitle "CBM 120 Extra"]
[Source "ChessBase"]
[SourceDate "2007.11.01"]
[SourceVersion "1"]
[SourceVersionDate "2007.11.01"]
[SourceQuality "1"]

1. d4 Nf6 2. Nc3 d5 3. Bg5 Bf5 4. Bxf6 exf6 5. e3 c6 6. Bd3 Bg6 7. Nge2 Bd6 8. e4 dxe4 9. Nxe4 Bc7 10. Qd2 0-0 11. 0-0 Re8 12. f3 Nd7 13. Rfe1 Nf8 14. Nc5 Ne6 15. Nxe6 fxe6 16. Bxg6 hxg6 17. c4 Qd6 18. g3 e5 19. Qc2 exd4 20. Qxg6 Ba5 21. Nc3 Rxe1+ 22. Rxe1 dxc3 23. Re8+ Rxe8 24. Qxe8+ Qf8 25. Qe6+ Kh7 26. Qf5+ g6 27. Qxa5 cxb2 28. Qe1 a5 29. Kg2 Qb4 30. Qd1 b1Q 31. Qd7+ Kh6 32. Qh3+ Kg7 33. Qd7+ Kf8 0-1

[Event "Kuala Lumpur op 4th"]
[Site "Kuala Lumpur"]
[Date "2007.08.20"]
[Round "2"]
[White "Liew, Chee Meng Jimmy"]
[Black "Tirto"]
[Result "1-0"]
[WhiteElo "2309"]
[BlackElo "2418"]
[PlyCount "79"]
[EventDate "2007.08.20"]
[EventType "swiss"]
[EventRounds "11"]
[EventCountry "MAS"]
[SourceTitle "CBM 120 Extra"]
[Source "ChessBase"]
[SourceDate "2007.11.01"]
[SourceVersion "1"]
[SourceVersionDate "2007.11.01"]
[SourceQuality "1"]

1. d4 d5 2. Nc3 Bf5 3. f3 Nf6 4. Bg5 c6 5. Qd2 Nbd7 6. g4 Bg6 7. e3 e6 8. h4 h5 9. Bxf6 Nxf6 10. g5 Ng8 11. Nge2 Bd6 12. Bg2 Ne7 13. e4 Qb8 14. e5 Bc7 15. Nd1 b6 16. Ne3 c5 17. c3 Qc8 18. Nf4 b5 19. 0-0 Bb6 20. Kh1 b4 21. Rac1 bxc3 22. bxc3 Qa6 23. Nxg6 Nxg6 24. f4 Nxh4 25. f5 Nxg2 26. Qxg2 Qd3 27. g6 Qxe3 28. gxf7+ Kf8 29. fxe6 Qh6 30. dxc5 Bc7 31. c4 Rb8 32. cxd5 Rb4 33. e7+ Kxe7 34. d6+ Kd7 35. Qh3+ Rg4 36. c6+ Kc8 37. f8Q+ Rxf8 38. Rxf8+ Bd8 39. Rb1 Qg5 40. c7 1-0